|
|
|
|
| LEADER |
00000nab a2200000ua 4500 |
| 001 |
vtls010815506 |
| 003 |
SK-MaSNL |
| 005 |
20260303131955.0 |
| 008 |
230218s1960 xo |||||||||||||||||slo| |
| 035 |
|
|
|a (urnnbn)urn:nbn:sk:snk:ar-a053kk
|
| 035 |
|
|
|a urn:nbn:sk:snk-ab5k3k
|
| 035 |
|
|
|a (uuid)7095f125-835c-43e5-abbb-a75342fe2ee1
|
| 040 |
|
|
|a SNKBUCL
|b slo
|c SNKBUCL
|e AACR2
|
| 041 |
0 |
|
|a slo
|
| 044 |
|
|
|a xo
|c SK
|
| 100 |
1 |
|
|a Dubrovay, Timotej
|4 aut
|9 504582
|
| 245 |
1 |
0 |
|a K EKONOMICKÉMU VÝZNAMU ZÚČTOVANIA ZAPOČÍTANÍM
|c Timotej Dubrovay
|
| 773 |
0 |
|
|t Ekonomický časopis : časopis pre ekonomickú teóriu, hospodársku politiku, spoločensko-ekonomické prognózovanie
|g Roč. 8, č. 4 (1960), s. [399]-404
|
| 954 |
|
|
|a odborná, vedecká literatúra pôvodná (slovenská)
|2 lita
|
| 958 |
|
|
|a OND
|
| 958 |
|
|
|a EUIPO
|
| 958 |
|
|
|a article5
|
| 999 |
|
|
|c 1948331
|d 1950261
|